Roberto De Zerbi's Brighton - Statistics

General Stats
  • This quiz has been taken 7 times
  • The average score is 26 of 42
Answer Stats
Rank Player Position Nationality Matches Goals Assists % Correct
3 Danny Welbeck Centre-Forward 68 14 5
100%
9 Jan Paul van Hecke Centre-Back 50 0 2
100%
2 Lewis Dunk Centre-Back 79 6 1
100%
19 Moisés Caicedo Defensive Midfield 37 0 1
100%
1 Pascal Groß Central Midfield 85 12 22
100%
4 Pervis Estupiñán Left-Back 64 4 12
100%
13 Adam Webster Centre-Back 44 0 1
86%
23 Bart Verbruggen Goalkeeper 27 0 0
86%
20 Carlos Baleba Defensive Midfield 37 0 0
86%
14 Jason Steele Goalkeeper 43 0 1
86%
17 João Pedro Centre-Forward 40 20 9
86%
5 Kaoru Mitoma Left Winger 62 13 16
86%
33 Leandro Trossard Left Winger 11 5 1
86%
27 Robert Sánchez Goalkeeper 19 0 0
86%
12 Tariq Lamptey Right-Back 45 1 4
86%
8 Billy Gilmour Defensive Midfield 57 0 5
71%
7 Evan Ferguson Centre-Forward 60 15 4
71%
30 Jack Hinshelwood Defensive Midfield 18 3 0
71%
29 Jakub Moder Central Midfield 19 0 0
71%
26 James Milner Central Midfield 20 0 2
71%
6 Joël Veltman Right-Back 62 2 2
71%
16 Simon Adingra Left Winger 40 7 3
71%
15 Solly March Right Winger 43 11 10
71%
11 Adam Lallana Attacking Midfield 45 3 2
57%
21 Alexis Mac Allister Central Midfield 34 8 3
57%
10 Facundo Buonanotte Attacking Midfield 50 5 2
57%
32 Jeremy Sarmiento Left Winger 12 0 2
57%
18 Julio Enciso Attacking Midfield 40 4 4
57%
37 Yasin Ayari Central Midfield 4 0 0
57%
25 Deniz Undav Centre-Forward 26 7 1
43%
22 Igor Julio Centre-Back 33 0 0
43%
31 Mahmoud Dahoud Central Midfield 14 0 1
43%
40 Andrew Moran Attacking Midfield 1 0 0
29%
24 Ansu Fati Left Winger 27 4 1
29%
38 Cameron Peupion Left Winger 3 0 0
29%
34 Valentín Barco Central Midfield 7 0 0
29%
36 Benicio Baker Right Winger 6 0 0
14%
42 Jack Hinchy Defensive Midfield 1 0 0
14%
41 Joshua Duffus Centre-Forward 1 0 0
14%
28 Levi Colwill Centre-Back 19 0 2
14%
39 Mark O'Mahony Centre-Forward 3 0 0
14%
35 Odeluga Offiah Centre-Back 6 0 0
14%
No matching quizzes found
Score Distribution
Percent of People with Each Score
Percentile by Number Answered
Your Score History
You have not taken this quiz